[Event "Bretagne-ch U14"]
[Site "Sarzeau"]
[Date "2006.02.21"]
[Round "1"]
[White "Barkian, Julie"]
[Black "Pruvost, Charlotte"]
[Result "1-0"]
[WhiteElo "1390"]
[BlackElo "1250"]
[PlyCount "31"]
[EventDate "2006.02.21"]
[EventType "swiss"]
[EventRounds "6"]
[EventCountry "FRA"]
[SourceTitle "EXT 2007"]
[Source "ChessBase"]
[SourceDate "2006.11.23"]
[SourceVersion "1"]
[SourceVersionDate "2006.11.23"]
[SourceQuality "1"]

1. e4 e5 2. Nc3 Nf6 3. Bc4 Bc5 4. Nf3 Nc6 5. d3 d6 6. Bg5 0-0 7. 0-0 Bg4 8. h3 h6 9. hxg4 hxg5 10. Nxg5 Nxg4 11. Qxg4 a6 12. Qh5 Qxg5 13. Qxg5 Nd4 14. Nd5 Rac8 15. Nf6+ Kh8 16. Qh5# 1-0